| 000 | 01086cam a2200217 4500 | ||
|---|---|---|---|
| 001 | WB3824-27 | ||
| 008 | 020703n2002 000 0 eng u | ||
| 035 | _a(Sirsi) u118666 | ||
| 245 | _a'Modulation: tread carefully' | ||
| 260 | _c2002 | ||
| 490 |
_aRICS Press Release _v(pr079) 2 July 2002, (2) |
||
| 520 | _aResearch commissioned by RICS demonstrates that modulation, the concept whereby money is transferred away from farm production subsidies into environmental and rural development schemes, will not work. It shows that the policy will do more harm than good to the environment, damage farm incomes and change the balance of production. "The impact of modulation" available at http://www.rics.org/ricscms/bin/show?class=ResearchReports&template=/includes/showresearch.html&id=29 http://www.rics.org/ricscms/bin/show?class=PressRelease&template=/includes/showpr.html&id=761 | ||
| 590 | _aWB | ||
| 650 | _aMODULATION | ||
| 650 |
_aEnvironment _96238 |
||
| 650 | _aFARMING INDUSTRY | ||
| 650 | _aRICS | ||
| 650 | _aRURAL ECONOMY | ||
| 690 |
_aRURAL _96268 |
||
| 942 | _n0 | ||
| 999 |
_c70668 _d70668 |
||